| 000 | 01580nam0a2200325 i 4500 | ||
|---|---|---|---|
| 001 | RU\NLR\BIBL_A\010829188 | ||
| 005 | 20241102110214.0 | ||
| 010 |
_a9785845919854 _9400 |
||
| 021 |
_aRU _b15-55144 |
||
| 035 | _a(NLR Aleph) 010829188 | ||
| 090 |
_a10279417 _c10279417 |
||
| 100 | _a20150904d2015 km y0rusy50 ca | ||
| 101 | 1 |
_arus _ceng |
|
| 102 | _aRU | ||
| 105 | _aa|||z|||001yy | ||
| 200 | 1 |
_aЙога для чайников _fДжордж Фойерштайн, д-р философии, Ларри Пейн, д-р философии _gпредисл. Лилиас Фолан _g[пер. с англ. Е.А. Гамоли] |
|
| 210 |
_aМосква [и др.] _cДиалектика _cВильямс _d2015 |
||
| 215 |
_a324 с. _cил. _d24 |
||
| 225 | 1 | _aВедь это так просто! | |
| 300 | _aЗагл. и авт. ориг.: Yoga for dummies/ by Georg Feuerstein, Ph.D. & Larry Payne, Ph.D. | ||
| 320 | _aПредм. указ.: с. 321-324 | ||
| 454 | 0 |
_12001#$aYoga for dummies$fby Georg Feuerstein, Ph.D. & Larry Payne, Ph.D. _1700#1$aFeuerstein$bG.$gGeorg$f1947-$3RU\NLR\AUTH\770149500 _1701#1$aPayne$bL.$gLarry _tYoga for dummies _aFeuerstein, Georg (1947-) |
|
| 606 |
_aЗдоровье _jПопулярные издания _xВлияние гимнастики йогов _91420253 _3RU\NLR\AUTH\66287967 |
||
| 686 | 1 | _aР359.121я9 | |
| 700 | 1 |
_7ca _8rus _aФойерштайн _bД. _f1947- _gДжордж _9149459 _3RU\NLR\AUTH\770149495 |
|
| 701 | 1 |
_aПейн _bЛ. _gЛарри |
|
| 942 | _cBOOK | ||
| 980 | _aNBR | ||